000 00698nam a22001937a 4500
005 20251108173711.0
008 250721s2004 xx 000 0 ara d
020 _a9953301514
082 1 4 _aم/ 150/ عيس
100 1 _aعيسوي، عبد الرحمن محمد
245 1 0 _aعلم النفس عند علماء الإسلام :
_bدراسة مقارنة بين الفكر السيكولوجي و الطبي الحديث /
264 1 _aبيروت :
_bدار الراتب الجامعية،
_c2004.
300 _aج10.
650 1 7 _aعلم النفس
650 1 7 _aالفلسفه الاسلاميه
653 _aالعلماا المسلمون
942 _2ddc
_cREF
999 _c110308
_d110308